Studies of virulence factors in Aeromonas hydrophila /
Saved in:
| Main Author: | |
|---|---|
| Format: | Thesis Book |
| Language: | English |
| Published: |
1996.
|
| Subjects: | |
| Tags: |
Add Tag
No Tags, Be the first to tag this record!
|
| LEADER | 01016cam a2200265 a 4500 | ||
|---|---|---|---|
| 001 | u401995 | ||
| 003 | SIRSI | ||
| 008 | 930115s1996 my t 00 1 eng m | ||
| 035 | |a ACB-1202 | ||
| 040 | |a UMM | ||
| 090 | |a QR82 |b P78Kan | ||
| 091 | |a Microfiche 14700 | ||
| 100 | 1 | 0 | |a Kantilal, Haresh Kumar. |
| 245 | 1 | 0 | |a Studies of virulence factors in Aeromonas hydrophila / |c Kantilal Haresh Kumar. |
| 260 | |c 1996. | ||
| 300 | |a xiv, 277 leaves : |b ill. ; |c 29cm. | ||
| 500 | |a Microfiche. Kuala Lumpur : University of Malaya Library, 2000. 4 fiches : negative ; 11 x 15 cm. | ||
| 502 | |a Dissertation (M.Sc.) -- Jabatan Genetik dan Biologi Sel, Fakulti Sains, Universiti Malaya, 1996. | ||
| 504 | |a Includes bibliographical references. | ||
| 650 | 0 | |a Aeromonas hydrophila. | |
| 650 | 0 | |a Virulence (Microbiology) | |
| 710 | 2 | 0 | |a Universiti Malaya. |b Jabatan Genetik dan Biologi Sel |
| 948 | |a 04/09/1996 |b 19/06/2002 | ||
| 596 | |a 1 | ||
| 999 | |a QR82 P78KAN |w LC |c 1 |i A506172118 |d 10/8/2001 |l STACKS |m P01UTAMA |n 2 |r Y |s Y |t TESIS |u 2/11/1996 | ||
